[Event "ROM-ch U08 Girls"]
[Site "Calimanesti"]
[Date "2013.04.03"]
[Round "2"]
[White "Vulpe, Raisa Georgiana"]
[Black "Sarbu, Clara"]
[Result "1-0"]
[WhiteElo "1148"]
[BlackElo "1001"]
[PlyCount "89"]
[EventDate "2013.04.02"]
[EventType "swiss"]
[EventRounds "9"]
[EventCountry "ROU"]
[SourceTitle "CBM 153 Extra"]
[Source "ChessBase"]
[SourceDate "2013.04.22"]
[SourceVersion "1"]
[SourceVersionDate "2013.04.22"]
[SourceQuality "1"]

1. e4 e5 2. Nf3 Nc6 3. Bc4 Nf6 4. Ng5 Ng4 5. Qxg4 f5 6. exf5 h5 7. Qg3 h4 8. Qg4 b5 9. Nf7 Qe7 10. Nxh8 bxc4 11. Qg6+ Kd8 12. Nf7+ Ke8 13. Nd6+ Kd8 14. Nxc4 Qc5 15. Ne3 Rb8 16. Nc3 Ne7 17. Qg4 Ng8 18. Qc4 Qxc4 19. Nxc4 Rb5 20. Nxb5 a6 21. Nc3 a5 22. Na3 Ba6 23. b3 Bc5 24. Nc4 Bxc4 25. bxc4 g6 26. fxg6 e4 27. Nxe4 Ke7 28. Nxc5 Kf8 29. Nxd7+ Kg7 30. Ne5 Kf6 31. f4 Ne7 32. g3 c6 33. gxh4 Nxg6 34. Nxg6 Kxg6 35. d4 c5 36. dxc5 Kg7 37. c6 Kf7 38. c7 Ke7 39. c8Q Kf6 40. Qc6+ Kf7 41. f5 Kf8 42. Qb7 Kg8 43. f6 Kf8 44. Qe7+ Kg8 45. Qg7# 1-0